000 01117nam a22002297a 4500
003 OSt
005 20160620110114.0
008 140214b2011 els spa
040 _cBMC
082 _a658.1
100 1 _934737
_aBurgos de Beltrán, Ana María
245 1 0 _aModelo de desarrollo organizacional para la Dirección Departamental de Educación de Santa Ana
_b: Proyecto
_cAna María Burgos de Beltrán, Deysi Elizabeth Martínez Mendoza; asesor, Carlos Antonio Figueroa
260 _aSanta Ana (El Salvador)
_bUniversidad Católica de El Salvador
_c2011
300 _a1 v. (pág. var.)
_c27 cm
_e+ 1 disco compacto
500 _aPrecede al tít.: Universidad Católica de El Salvador, Facultad de Ciencias Empresariales
502 _aTrabajo de graduación para optar al grado académico de Licenciatura en Administración de Empresas
650 2 4 _98517
_aOrganización de la empresa
700 1 _934738
_aMartínez Mendoza, Deysi Elizabeth
700 1 _934740
_aFigueroa, Carlos Antonio
710 2 _91067
_aUniversidad Católica de El Salvador
_bFacultad de Ciencias Empresariales
942 _2ddc
_cTG
999 _c21216
_d21216